|
|
|
|
| LEADER |
02851nam a2200577 a 4500 |
| 001 |
mzk03001205736 |
| 003 |
CZ BrMZK |
| 005 |
20190316155127.0 |
| 007 |
ta |
| 008 |
140908s1722 au cf fr|||||00| ||ger|d |
| 040 |
|
|
|a BOA001
|b cze
|
| 072 |
|
7 |
|a 27-5
|x Liturgie. Křesťanské umění a symbolika. Duchovní život
|2 Konspekt
|9 5
|
| 072 |
|
7 |
|a 094
|x Staré tisky
|2 Konspekt
|9 12
|
| 080 |
|
|
|a 27-31
|2 MRF
|
| 080 |
|
|
|a 27-564
|2 MRF
|
| 080 |
|
|
|a 2-36
|2 MRF
|
| 080 |
|
|
|a 2-562/-567
|2 MRF
|
| 080 |
|
|
|a 025.171
|2 MRF
|
| 080 |
|
|
|a (059)
|2 MRF
|
| 080 |
|
|
|a (0.068)094
|2 MRF
|
| 245 |
0 |
0 |
|a Höchst nutzbare Andacht Auff alle Tag deß Jahrs Zu JEsum Christum den Gecreutzigten, Göttlichen Erlöser deß menschlichen Geschlechts, Urheber deß Glaubens, Anfang und End- Ursach unsers Heyls; Dardurch zu erwerben Die Gnad, from- Christlich zu leben, und heilig zu sterben. Zum Gebrauch und Trost aller andächtigen Seelen zusam getragen. Zu finden in der Catechetischen Bibliothec Societatis JESU bey St. Anna in Wienn.
|
| 260 |
|
|
|a Gedruckt zu Wienn :
|b bey Wolffgang Schwendimann, Universitätischen Buchdr.,
|c 1722
|
| 300 |
|
|
|a [6], 452 s., [10] příl. ;
|c 12°
|
| 500 |
|
|
|a Výzdoba: Mědirytinový frontispis (Ukřižování - Haberstumpff del. ; Dietel sc. Vie.), nad impresem linka, vlysy, viněty, mědirytinové přílohy (portréty světců - N. Haberstumpff del. ; F. A. Dietel sc. Vien.)
|
| 500 |
|
|
|a Na zadní předsádce rukou psané modlitby: p. Ori. ad puritate conservanda ad S. Josephu. oratio ... ; Ave Maria gratia plena ... ; Salutatio ad B. V. ...
|
| 510 |
3 |
|
|a DNB
|
| 561 |
|
|
|a Provenience: [m.p.] Comparavit Moro F: Maximi A: 1725
|
| 561 |
|
|
|a Provenience: [m.p.] Compavit Moro Reyh: F. Maximilianus A. 1726
|
| 563 |
|
|
|a Usňová vazba, lepenkové desky, ořízka stříkaná červenou barvou (vybledlé)
|
| 650 |
|
7 |
|a christologie
|7 ph115015
|2 czenas
|
| 650 |
|
7 |
|a křesťanský kalendář
|7 ph166088
|2 czenas
|
| 650 |
|
7 |
|a světci
|7 ph116353
|2 czenas
|
| 650 |
|
7 |
|a náboženské svátky
|7 ph268235
|2 czenas
|
| 650 |
|
7 |
|a historické knihovní fondy
|7 ph172933
|2 czenas
|
| 655 |
|
7 |
|a kalendáře
|7 fd132513
|2 czenas
|
| 655 |
|
7 |
|a staré tisky
|7 fd422076
|2 czenas
|
| 700 |
1 |
|
|a Haberstumpf, Nicolaus,
|d 1691-1728
|4 ill
|
| 700 |
1 |
|
|a Dietel, Franz Ambros,
|d 1682-1737
|4 agr
|
| 700 |
1 |
|
|a Hauer, Franz Joseph
|4 dte
|
| 700 |
1 |
|
|a Hartmann, Joseph
|4 dte
|
| 856 |
4 |
1 |
|u https://imageserver.mzk.cz/mzk03/001/205/736/328100212865.titul.jp2
|y Titulní list
|
| 903 |
|
|
|a RP
|
| 910 |
|
|
|e BOE950
|c R - R. I. d. 59
|
| 978 |
|
|
|b Schwendimann, Wolfgang
|a Wien
|c 1722
|
| 981 |
1 |
|
|a Maxmilian
|c OSB Rajhrad
|8 1725
|
| 984 |
|
|
|a Vídeň
|b Rakousko
|
| 985 |
|
|
|a 1701-1750
|
| 990 |
|
|
|a BK
|
| 996 |
|
|
|e BOE950
|c R - R. I. d. 59
|
| 991 |
|
|
|k rajhrad
|
| 980 |
|
|
|c 212865
|g R - R. I. d. 59
|1 328100212865
|p N. 9417 ; B. II. b. 17 ; B. II. 4
|